[Event "HCL-A2450"]
[Site "www.playchess.de"]
[Date "2006.02.17"]
[Round "6"]
[White "alldrix"]
[Black "Lennin"]
[WhiteElo "1640"]
[BlackElo "1465"]
[PlyCount "145"]
[Result "1-0"]

1.e4 {Hola desde Aracaju, Brazil}  e5 {saludos 
desde Barcelona!}  2.Nc3 Nf6 3.Bc4 Bc5 4.Nf3 d6 
5.O-O O-O 6.d3 h6 7.Be3 Bxe3 8.fxe3 Nc6 9.d4 Bg4 
10.h3 Bh5 11.Qd2 Qe7 12.Nd5 Nxd5 13.Bxd5 Rae8 
14.Rae1 Qd8 15.c3 Bg6 16.Qf2 exd4 17.exd4 Nb8 
18.Nh4 Kh7 19.Nxg6 fxg6 20.Qc2 b5 21.Rxf8 Rxf8 
22.Qe2 c6 23.Bb3 Nd7 24.Bc2 Qg5 25.Qd3 Rf6 26.Re3 
Kg8 27.Bb3+ Kh7 28.Kh2 Qf4+ 29.Rg3 h5 30.Qe3 g5 
31.Qxf4 gxf4 32.Rf3 g5 33.Bc2 Kg7 34.g3 h4 35.gxh4 
gxh4 36.Bd1 Rf7 37.b3 Nf8 38.d5 cxd5 39.exd5 Ng6 
40.c4 Ne5 41.Rc3 f3 42.Kg1 b4 43.Rc2 Rf6 44.Kf2 
Nd3+ 45.Ke3 f2 46.Be2 Ne1 47.Rc1 f1Q 48.Bxf1 Rxf1 
49.Ke2 Rh1 50.Rxe1 Rh2+ 51.Kf3 Rxh3+ 52.Kg4 Rh2 
53.Re7+ Kf6 54.Rxa7 Ke5 55.Rb7 Rxa2 56.Kxh4 Rc2 
57.Rxb4 Rc3 58.Kg5 Rg3+ 59.Kh6 Kf6 60.Kh7 Ke5 
61.Rb6 Rg4 62.Rc6 Rg3 63.b4 Kd4 64.b5 Rg2 65.b6 
Rg3 66.b7 Rb3 67.Rc7 Ke5 68.Kg7 Rb6 69.Kf7 Rb4 
70.Ke7 Rb2 71.Kd8 Rf2 72.Re7+ Kd4 
73.b8Q 1-0

[Event "HCL-C4128"]
[Site "www.playchess.de"]
[Date "2006.02.18"]
[Round "9"]
[White "crosta"]
[Black "aussie"]
[WhiteElo "1178"]
[BlackElo "1099"]
[PlyCount "49"]
[Result "1/2-1/2"]

1.e4 {Hello! are u in Sydney? I'm in Kildare 
Ireland,the place for HORSES}  e5 {No, I have 
Australian ancestory, with relatives in Melbourne, 
but I live in New Jersey. Good luck.}  2.Nf3 Nc6 
3.Bb5 d6 4.O-O Bd7 5.c4 a6 6.Ba4 Be7 7.Nc3 Nf6 
8.Re1 O-O 9.d4 exd4 10.Nd5 Ne5 11.Nxf6+ Bxf6 
12.Bxd7 Qxd7 13.Nxe5 Bxe5 14.b3 d3 15.Rb1 Rfe8 
16.Qxd3 c5 17.Bb2 Bxb2 18.Rxb2 Re6 19.Rbe2 Rae8 
20.e5 Rd8 21.exd6 {I know I should win,but how? I 
don't know.......maybe
}  Qxd6 22.R2xe6 {ooooops a mistake........}  fxe6 
23.Qe4 b6 24.h3 Re8 25.Qb7 {(offering draw)} 
 1/2-1/2

[Event "HCL-A2600"]
[Site "www.playchess.de"]
[Date "2006.02.18"]
[Round "6"]
[White "goathed"]
[Black "maus"]
[WhiteElo "1312"]
[BlackElo "1389"]
[PlyCount "28"]
[Result "1/2-1/2"]

1.d4 e6 2.e4 c5 3.d5 d6 4.Nc3 Nf6 5.Bg5 Be7 6.Bb5+ 
Bd7 7.Bxd7+ Nbxd7 8.Nf3 O-O 9.O-O h6 10.Bh4 Ne5 
11.Nxe5 dxe5 12.dxe6 fxe6 13.Qxd8 Raxd8 14.Bg3 Bd6 
{(offering draw)}  1/2-1/2

[Event "HCL-C4082"]
[Site "www.playchess.de"]
[Date "2006.02.18"]
[Round "1"]
[White "Milosforman"]
[Black "spartan1"]
[WhiteElo "918"]
[BlackElo "928"]
[PlyCount "88"]
[Result "0-1"]

1.d4 d5 2.Nc3 c6 3.e3 Nf6 4.Bd3 g6 5.Nge2 Bh6 6.h3 
O-O 7.O-O Na6 8.Bxa6 Qa5 9.Bd3 b5 10.Bd2 Qc7 11.a4 
b4 12.Na2 a5 13.c3 Ba6 14.Bxa6 Rxa6 15.cxb4 Ne4 
16.b5 Raa8 17.Nec3 e5 18.Nxe4 dxe4 19.f4 exf3 
20.Rxf3 e4 21.Rg3 Qxg3 22.b4 Bxe3+ 23.Bxe3 Qxe3+ 
24.Kh1 cxb5 25.bxa5 Rxa5 26.Qe1 Qxd4 27.Rd1 Qxa4 
28.Nc3 Qb4 29.Rb1 Qc4 30.Nxe4 Ra2 31.Nd6 Qc2 
32.Qf1 Rb2 33.Rxb2 Qxb2 34.Nxb5 Rd8 35.Kh2 Qe5+ 
36.Kh1 Rd5 37.Na3 Qc3 38.Nb5 Qa5 39.Qc4 Rxb5 
40.Qc8+ Kg7 41.h4 Rb1+ 42.Kh2 Qe5+ 43.g3 Qe2+ 
44.Kh3 Rh1+ 0-1

[Event "ACL-E209"]
[Site "www.playchess.de"]
[Date "2006.02.18"]
[Round "3"]
[White "WKU_Topper"]
[Black "leobor"]
[WhiteElo "1819"]
[BlackElo "1911"]
[PlyCount "56"]
[Result "0-1"]

1.e4 {Hello and good luck!}  c5 2.f4 d5 3.exd5 Nf6 
4.Nf3 Nxd5 5.Bc4 Nxf4 6.d4 Nd5 7.O-O e6 8.Ng5 f6 
9.Ne4 cxd4 10.Qh5+ g6 11.Qe2 Be7 12.Bxd5 Qxd5 
13.Nxf6+ Bxf6 14.Rxf6 e5 15.Na3 Bf5 16.Nb5 d3 
17.Nc7+ Kd7 18.Qxd3 Bxd3 19.Nxd5 Bxc2 20.Rf2 Bf5 
21.Rd2 Nc6 22.Nb6+ Ke6 23.Nxa8 Rxa8 24.Rf2 Nb4 
25.Bh6 Nd3 26.Rc2 Kd6 27.Rd1 e4 28.Rc4 
Re8 0-1

[Event "HCL-T261"]
[Site "www.playchess.de"]
[Date "2006.02.18"]
[Round "9"]
[White "gridguy"]
[Black "Ezechiel"]
[WhiteElo "1743"]
[BlackElo "1765"]
[PlyCount "58"]
[Result "0-1"]

1.e4 c5 2.Nf3 d6 3.d4 cxd4 4.Nxd4 Nf6 5.Nc3 g6 
6.Be3 Bg7 7.f3 O-O 8.Bc4 a6 9.Qd2 b5 10.Bb3 e5 
11.Nde2 Bb7 12.Nd5 Nxd5 13.Bxd5 Nc6 14.O-O-O Rc8 
15.h4 Qc7 16.Bxc6 Qxc6 17.h5 b4 18.b3 a5 19.Kb1 
Ba6 20.Rdc1 a4 21.c4 bxc3 22.Nxc3 axb3 23.axb3 Qb7 
24.Kc2 Rc6 25.Kd1 Qxb3+ 26.Ke1 Rfc8 27.Bh6 R6xc3 
28.Rxc3 Rxc3 29.Bxg7 Rc2 0-1

[Event "HCL-A2581"]
[Site "www.playchess.de"]
[Date "2006.02.18"]
[Round "14"]
[White "gridguy"]
[Black "kan_selv"]
[WhiteElo "1716"]
[BlackElo "2115"]
[PlyCount "44"]
[Result "0-1"]

1.d4 d5 2.c4 e6 3.Nc3 Nf6 4.Nf3 Bb4 5.Bg5 O-O 
6.cxd5 exd5 7.e3 h6 8.Bxf6 Qxf6 9.Qb3 Nc6 10.Be2 
Be6 11.O-O Rfd8 12.Qc2 Bf5 13.Bd3 Bg4 14.Be2 Ba5 
15.a3 Bb6 16.Na4 a6 17.Nxb6 cxb6 18.Rac1 Rac8 
19.Qb3 b5 20.Rfe1 Qd6 21.Nh4 Bxe2 22.Rxe2 
Nxd4 0-1

[Event "HCL-A2506"]
[Site "www.playchess.de"]
[Date "2006.02.18"]
[Round "1"]
[White "ppadala"]
[Black "seisan"]
[WhiteElo "1333"]
[BlackElo "1497"]
[PlyCount "62"]
[Result "0-1"]

1.e4 e5 2.Nc3 Nc6 3.f4 exf4 4.Nf3 d6 5.d4 Bg4 
6.Bxf4 Be7 7.Qd3 Nf6 8.O-O-O O-O 9.h3 Bh5 10.g4 
Bg6 11.g5 Nh5 12.Be3 Nb4 13.Qc4 a5 14.a3 Nc6 15.e5 
dxe5 16.dxe5 Ng3 17.Rxd8 Rfxd8 18.Rg1 Nxf1 19.Rxf1 
a4 20.Nxa4 Na5 21.Qc3 b6 22.Nd4 c5 23.Nf5 Bf8 
24.Nxb6 Ra6 25.Bxc5 Bxc5 26.Qxc5 Bxf5 27.Rxf5 g6 
28.Rf1 Rb8 29.Nd7 Rba8 30.Qd5 Kg7 31.Qxf7+ 
Kh8 0-1

[Event "HCL-B3760"]
[Site "www.playchess.de"]
[Date "2006.02.18"]
[Round "6"]
[White "Wilmy"]
[Black "knightprancer"]
[WhiteElo "1217"]
[BlackElo "1284"]
[PlyCount "99"]
[Result "1-0"]

1.e4 e6 {Guten Tag !}  2.d4 {Oh, der Herr sprechen 
Deutsch! Wie schoen! - Greetings from Berlin and 
good luck with your game! - Auf 
Wiedersehen!
Wilm}  d5 {I try to use what little German I 
know.Lol we are conversing in English and Deutsch 
and our opening play is the French Defense !}  
3.Nc3 {Great, and I would have preferred the 
Italian or Spanish opening.}  c5 {ROFL !}  4.Bb5+ 
Bd7 5.Qd3 c4 6.Qf3 Bb4 7.Bxd7+ Qxd7 {Merry 
Christmas Wilmy !}  8.Nge2 Nc6 9.O-O {Thanks, and 
good luck for 2006!
Happy New Year!}  O-O-O {Thank you ! may you be 
blessed with a healthy and much joy in the New 
Year.}  10.e5 h5 11.a3 {Have a healthy and happy 
New Year!}  Bxc3 {Thanks and you also !}  12.Qxc3 
f6 13.f4 fxe5 14.fxe5 Nge7 15.Rf7 Rdg8 16.Nf4 g5 
17.Nh3 g4 18.Ng5 Nf5 19.Rxd7 Kxd7 20.b4 Ncxd4 
21.Qd2 Ke7 22.Bb2 Nb5 23.a4 c3 24.Bxc3 Nxc3 
25.Qxc3 Rgc8 26.Qd2 Rc4 27.c3 Rhc8 28.Rc1 a6 29.h3 
g3 30.Nf3 b5 31.Qg5+ Kd7 32.Qxh5 Nd4 33.Qf7+ Kd8 
34.Qf8+ Kd7 35.Qd6+ Ke8 36.Nxd4 Rxd4 37.Qxe6+ Kd8 
38.Qd6+ Ke8 39.Qg6+ Ke7 40.Qxg3 Rdc4 41.Qg5+ Kd7 
42.Qg7+ Kc6 43.Qf6+ Kb7 44.a5 R8c7 45.Qb6+ Kc8 
46.Qxa6+ Rb7 47.Qe6+ Rd7 48.Qa6+ Rb7 49.e6 d4 
50.e7 1-0

[Event "HCL-A2581"]
[Site "www.playchess.de"]
[Date "2006.02.18"]
[Round "4"]
[White "gridguy"]
[Black "victorabiodun03"]
[WhiteElo "1716"]
[BlackElo "1357"]
[PlyCount "90"]
[Result "0-1"]

1.d4 Nf6 2.c4 g6 3.Nc3 Bg7 4.e4 d6 5.Nf3 O-O 6.Be2 
e5 7.O-O Nc6 8.d5 Ne7 9.Ne1 Ne8 10.Bg5 f5 11.exf5 
gxf5 12.f4 e4 13.Nc2 Nf6 14.Nd4 Ng6 15.Ne6 Bxe6 
16.dxe6 c6 17.Nd5 cxd5 18.cxd5 Ne7 19.Bxf6 Bxf6 
20.Qb3 b6 21.Rac1 Rc8 22.Bc4 Kh8 23.Rf2 Nxd5 
24.Rfc2 {when did I become such a poor player??? 
You are treating me like a beginner! :-)}  Ne7 {No 
such thing,you are only having one bad game.You 
are stronger in rating and in tournament class,but 
at some point in time, higher rated players would 
lose a game or two to less strog players.More so 
the game is not yet over.}  25.Ba6 {True, but it 
is somewhat embarrassing to be handled by a lower 
player three times in a row ... it appears that I 
am in a bad stretch and you are rising again 
quickly! I hope to at least make you think harder 
than I have so far!}  Rc5 {maybe you need a rest 
because you have played too many games today,you 
might need to step back a bit}  26.R2xc5 {You are 
right, I'm sure. I'll go exercise for a while.}  
dxc5 27.Rd1 Bd4+ 28.Kh1 Qd6 29.g3 e3 30.Be2 Rf6 
31.Qa4 Rxe6 32.Qxa7 Qc6+ 33.Kg1 Nc8 34.Qf7 Rf6 
35.Qb3 Qe4 36.Re1 Ne7 37.Qd3 Qxd3 38.Bxd3 Bxb2 
39.Kf1 Bd4 40.a4 Nd5 41.Bc2 Nc3 42.Kg2 b5 43.a5 c4 
44.Kf3 {:-(}  b4 45.a6 b3 0-1

[Event "HCL-A2586"]
[Site "www.playchess.de"]
[Date "2006.02.18"]
[Round "28"]
[White "hal1958"]
[Black "RUDI"]
[WhiteElo "1394"]
[BlackElo "1258"]
[PlyCount "69"]
[Result "1-0"]

1.b4 {have a nice game}  d5 {hi, have a nice game, 
too.}  2.Bb2 Bf5 3.e3 e6 4.Nf3 Nf6 5.a3 Be7 6.c4 
O-O 7.c5 c6 8.Be2 Nbd7 9.O-O b5 10.h3 Ne4 11.d3 
Ng5 12.Nbd2 Bf6 13.Bxf6 Nxf6 14.Nxg5 h6 15.Ngf3 
Qe7 16.Ne5 Rac8 17.Nb3 Nd7 18.Nxd7 Qxd7 19.Nd4 e5 
20.Nxf5 Qxf5 21.Bg4 Qg5 22.Bxc8 Rxc8 23.d4 Re8 
24.a4 a6 25.axb5 axb5 26.Ra6 Re6 27.dxe5 Qxe5 
28.Qd4 f6 29.Qxe5 fxe5 30.Rfa1 d4 31.exd4 exd4 
32.Rd1 Kh7 33.Rxd4 h5 34.Kf1 Kg6 
35.Rd6 1-0

[Event "ACL-A612"]
[Site "www.playchess.de"]
[Date "2006.02.18"]
[Round "15"]
[White "BDG_Girl"]
[Black "M_L"]
[WhiteElo "1772"]
[BlackElo "1500"]
[PlyCount "20"]
[Result "0-1"]

1.d4 {Hello and good luck!}  d5 {Hi and good 
games!}  2.e4 dxe4 3.Nc3 Nf6 4.f3 exf3 5.Nxf3 c6 
6.Bc4 Bf5 7.O-O e6 8.Bd3 Bxd3 9.Qxd3 Be7 10.Ne4 
Nbd7 0-1

[Event "HCL-B3833"]
[Site "www.playchess.de"]
[Date "2006.02.18"]
[Round "1"]
[White "schachsky"]
[Black "GMO"]
[WhiteElo "1192"]
[BlackElo "1316"]
[PlyCount "68"]
[Result "1-0"]

1.e4 {have a nice game!}  e5 {Thanks...}  2.Nf3 
Bd6 3.Nc3 h6 4.Bc4 Nf6 5.d3 O-O 6.O-O c6 7.Be3 b5 
8.Bb3 a5 9.Qd2 a4 10.Bxh6 axb3 11.Bxg7 Kxg7 
12.Qg5+ Kh8 13.Qh6+ {(offering draw)}  Nh7 14.h4 
Qf6 15.Qh5 bxa2 16.Nxa2 {I think I was a bit too 
optimistic .... -:)}  Rg8 17.Ng5 Qg6 18.Nxf7+ Kg7 
19.Qxg6+ Kxg6 20.Nxd6 Kf6 21.Nb4 Rxa1 22.Rxa1 Ke6 
23.Nxc8 Rxc8 24.c3 Nf6 25.Ra8 Ne8 26.Na6 Nd6 
27.Rxb8 Rxb8 28.Nxb8 Nf7 29.Na6 Nh6 30.f3 Kf6 
31.g4 Ke7 32.Nb4 Kf7 33.Nc2 Ke6 34.b4 
d5 1-0

[Event "HCL-A2595"]
[Site "www.playchess.de"]
[Date "2006.02.18"]
[Round "8"]
[White "sucram"]
[Black "steady_eddie"]
[WhiteElo "1259"]
[BlackElo "1671"]
[PlyCount "34"]
[Result "0-1"]

1.d4 Nf6 2.c4 g6 3.Nc3 Bg7 4.Nf3 O-O 5.e4 d6 6.Bg5 
Na6 7.a3 c5 8.e5 Ne8 9.Be2 cxd4 10.Nxd4 Bxe5 
11.Nf3 Bg7 12.O-O Nf6 13.Qc2 Bf5 14.Qd2 Nc5 
15.Bxf6 Bxf6 16.Nd4 Bxd4 17.Qxd4 
Nb3 0-1

[Event "HCL-A2566"]
[Site "www.playchess.de"]
[Date "2006.02.18"]
[Round "4"]
[White "sucram"]
[Black "cocohubert"]
[WhiteElo "1600"]
[BlackElo "1340"]
[PlyCount "39"]
[Result "0-1"]

1.d4 Nf6 2.c4 d6 3.Nc3 g6 4.Bg5 Bg7 5.Nf3 O-O 6.e4 
a6 7.Be2 Bg4 8.O-O c6 9.h3 Bxf3 10.Bxf3 Nbd7 
11.Bxf6 Nxf6 12.Re1 Rb8 13.e5 dxe5 14.dxe5 Nd7 
15.Bg4 e6 16.f4 Qb6+ 17.Kh2 Qxb2 18.Qc1 Qxc1 
19.Raxc1 Nc5 20.Ne4 0-1

[Event "ACL-M065"]
[Site "www.playchess.de"]
[Date "2006.02.18"]
[Round "18"]
[White "Relic"]
[Black "Goofy"]
[WhiteElo "2129"]
[BlackElo "1932"]
[PlyCount "109"]
[Result "1-0"]

1.e4 {GL!}  c5 {Same to you! ;o))}  2.Nf3 Nc6 3.d4 
cxd4 4.Nxd4 Nf6 5.Nc3 e5 6.Ndb5 d6 7.Nd5 Nxd5 
8.exd5 Nb8 9.Bd3 Be7 10.O-O O-O 11.c4 a6 12.Nc3 f5 
13.Re1 e4 14.Be2 Nd7 15.Bf4 Ne5 16.Qb3 Ng6 17.Be3 
Bg5 18.Bxg5 Qxg5 19.Qb6 Qd8 20.Qxd8 Rxd8 21.Na4 
Bd7 22.Nb6 Rab8 23.f3 Ne5 24.fxe4 fxe4 25.b4 Bf5 
26.c5 Nd3 27.Bxd3 exd3 28.Rad1 h5 29.h3 h4 30.Kf2 
a5 31.a3 Rdf8 32.Ke3 axb4 33.axb4 Bg6 34.cxd6 Rf6 
35.Nd7 Re8+ 36.Kd4 Rxd6 37.Ne5 Bf7 38.Nxf7 Rxe1 
39.Nh6+ Rxh6 40.Rxe1 Rg6 41.Kxd3 Rxg2 42.Re7 Rg3+ 
43.Ke4 Rxh3 44.d6 Kf8 45.Re5 Ra3 46.d7 Ra8 47.Kd5 
h3 48.Ke6 g6 49.Ra5 Rd8 50.Ra3 h2 51.Rh3 Ra8 
52.Rh8+ Kg7 53.Rxh2 b5 54.Rc2 Ra6+ 
55.Ke5 1-0

[Event "HCL-A2526"]
[Site "www.playchess.de"]
[Date "2006.02.18"]
[Round "4"]
[White "stevetilbury"]
[Black "zemljanin"]
[WhiteElo "1523"]
[BlackElo "1386"]
[PlyCount "110"]
[Result "0-1"]

1.f4 d5 2.Nf3 Nc6 3.g3 Bg4 4.Bg2 f6 5.O-O e5 
6.fxe5 fxe5 7.d3 h6 8.Nbd2 Bc5+ 9.Kh1 Qd7 10.Nb3 
Bb6 11.a4 a6 12.c3 Nge7 13.Qc2 O-O 14.Nbd2 Ba7 
15.b4 Be3 16.Nb3 Ba7 17.Bb2 b5 18.axb5 axb5 19.e4 
d4 20.Na5 Bb6 21.Nxc6 Nxc6 22.Rxa8 Rxa8 23.Ra1 
Rxa1+ 24.Bxa1 Ne7 25.Nxe5 Qe6 26.Nxg4 Qxg4 27.cxd4 
Qd7 28.Qc3 Qg4 29.Qb3+ Kh8 30.Qf7 Qd1+ 31.Qf1 
Qxf1+ 32.Bxf1 Nc6 33.d5 Nxb4 34.Bc3 Nc2 35.e5 b4 
36.e6 Kg8 37.e7 Kf7 38.Bxg7 Kxe7 39.Be2 Bd4 40.Bd1 
b3 41.Bxh6 Na1 42.Bxb3 Nxb3 43.Bf4 Kd7 44.h4 Nc5 
45.Kg2 Nxd3 46.Bxc7 Kxc7 47.Kf3 Nc5 48.g4 Kd6 
49.Kf4 Kxd5 50.Kf5 Kd6 51.Kg6 Ke6 52.g5 Nd7 53.h5 
Nf8+ 54.Kh6 Kf7 55.g6+ Kf6 0-1

[Event "HCL-B3878"]
[Site "www.playchess.de"]
[Date "2006.02.18"]
[Round "2"]
[White "schnitzly"]
[Black "Sporang"]
[WhiteElo "1280"]
[BlackElo "993"]
[PlyCount "79"]
[Result "1-0"]

1.d4 {hi again and ´much fun!}  d5 {hi, good to 
see an 'old friend'. Good luck!}  2.c4 e6 3.cxd5 
exd5 4.Nc3 Nf6 5.Bg5 Be7 6.Nf3 h6 7.Bh4 O-O 8.h3 
Re8 9.e3 Bf5 10.Bd3 Qd7 11.Ne5 Qc8 12.Bxf6 Bxf6 
13.Nxd5 Bxd3 14.Nxf6+ gxf6 15.Nxd3 Qf5 16.Rc1 c6 
17.Rc5 Qe6 18.Rh5 Kh7 19.Qf3 Nd7 20.O-O Reg8 21.b3 
Qd5 22.Qxd5 cxd5 23.Rxd5 Nb6 24.Rc5 Kg6 25.Nf4+ 
Kh7 26.Nd5 Nxd5 27.Rxd5 Rge8 28.Rc1 Kg6 29.Rc7 b6 
30.Rdd7 a5 31.Rdxf7 Kf5 32.g4+ Ke6 33.d5+ Ke5 
34.Rfe7+ Rxe7 35.Rxe7+ Kxd5 36.Rh7 Rc8 37.Rxh6 Ke6 
38.g5 Kf7 39.Rxf6+ Kg7 40.Rxb6 1-0

[Event "ACL-A656"]
[Site "www.playchess.de"]
[Date "2006.02.18"]
[Round "8"]
[White "Rochade_III"]
[Black "BDG_Girl"]
[WhiteElo "1500"]
[BlackElo "1794"]
[PlyCount "37"]
[Result "1-0"]

1.e4 e6 {Happy New Year!}  2.Nf3 d5 3.e5 c5 4.Bb5+ 
Bd7 5.Nc3 Bxb5 6.Nxb5 Nc6 7.d3 Qa5+ 8.Nc3 d4 9.Bd2 
dxc3 10.Bxc3 Qc7 11.O-O Nh6 12.Qd2 Be7 13.Rad1 O-O 
14.a3 Nf5 15.d4 Rad8 16.Qf4 cxd4 17.Bxd4 Nfxd4 
18.Nxd4 Qxe5 19.Qxe5 1-0

[Event "HCL-C4098"]
[Site "www.playchess.de"]
[Date "2006.02.18"]
[Round "32"]
[White "nichju"]
[Black "lontjr"]
[WhiteElo "1010"]
[BlackElo "1159"]
[PlyCount "51"]
[Result "1-0"]

1.e4 {Greetings from Germany}  e6 {Hello from USA, 
North Carolina.  Here's to a good game!}  2.d4 d5 
3.f3 dxe4 4.fxe4 Qh4+ 5.g3 Qxe4+ 6.Qe2 Qxh1 7.Nf3 
b6 8.Be3 Bb7 9.Nbd2 Nf6 10.O-O-O Ne4 11.Nxe4 Bxe4 
12.Bg2 Qxd1+ 13.Qxd1 Be7 14.Qe2 O-O 15.h4 Nc6 
16.Qc4 Na5 17.Qxc7 Rac8 18.Qxe7 Rxc2+ 19.Kd1 Rxg2 
20.Ne5 Rc8 21.Qxf7+ Kh8 22.g4 Bg6 23.Nxg6+ hxg6 
24.Qxe6 Rf8 25.Ke1 Rxg4 26.Qxg4 1-0

[Event "HCL-C4162"]
[Site "www.playchess.de"]
[Date "2006.02.18"]
[Round "2"]
[White "Tribun"]
[Black "Henri"]
[WhiteElo "769"]
[BlackElo "769"]
[PlyCount "51"]
[Result "1-0"]

1.e4 e5 {Bonjour et Bonne Partie}  2.d3 {Hello,I 
wish you too!!!}  Nf6 3.Be3 Nc6 4.Be2 Be7 5.Nc3 
O-O 6.Nf3 d6 7.Nh4 b6 8.Nf5 Bxf5 9.h3 Be6 10.Qd2 
d5 11.Bg5 d4 12.Nd1 h6 13.Bxf6 Bxf6 14.f3 Be7 
15.Nf2 Nb4 16.a3 Nc6 17.O-O-O a5 18.h4 Bxh4 19.Ng4 
Bxg4 20.fxg4 Be7 21.Rdf1 f6 22.Qe1 Nb8 23.Qh4 g5 
24.Qh5 Rf7 25.Qxh6 Rh7 26.Qxh7+ 1-0

[Event "HCL-B3771"]
[Site "www.playchess.de"]
[Date "2006.02.18"]
[Round "17"]
[White "dc"]
[Black "GMO"]
[WhiteElo "892"]
[BlackElo "1312"]
[PlyCount "61"]
[Result "0-1"]

1.d4 d5 2.Nc3 e6 3.Nf3 Nc6 4.Ne5 Nxe5 5.dxe5 Bb4 
6.a3 Bxc3+ 7.bxc3 Ne7 8.a4 O-O 9.Bg5 h6 10.Bf4 c6 
11.e4 dxe4 12.Qe2 Nd5 13.Rd1 Qa5 14.Qg4 Qxc3+ 
15.Bd2 Qxe5 16.Bc4 Qf6 17.O-O a6 18.Qxe4 Nb6 
19.Bd3 g6 20.Bxh6 Rd8 21.Qb4 Nd5 22.Qc4 g5 23.Bf8 
Kxf8 24.Qc5+ Kg7 25.c4 Nf4 26.Be4 Rxd1 27.Rxd1 Ng6 
28.g3 Ne5 29.f4 gxf4 30.Rf1 Ng6 
31.Rxf4 0-1

[Event "HCL-B3771"]
[Site "www.playchess.de"]
[Date "2006.02.18"]
[Round "8"]
[White "dc"]
[Black "nichju"]
[WhiteElo "892"]
[BlackElo "1017"]
[PlyCount "79"]
[Result "0-1"]

1.d4 d5 2.Nf3 Nf6 3.Nc3 Bf5 4.Bf4 e6 5.Nb5 Bb4+ 
6.c3 Ba5 7.b4 Bb6 8.g3 a6 9.Na3 O-O 10.Bg2 Ne4 
11.O-O Nc6 12.Ng5 Nxc3 13.Qd2 Bxd4 14.e3 Bf6 15.h4 
h6 16.Nf3 Ne4 17.Qc1 Nc3 18.Nd4 Nxd4 19.Kh2 Nce2 
20.Qc5 b6 21.Qxc7 Qxc7 22.Bxc7 b5 23.exd4 Bxd4 
24.Rae1 Nc3 25.g4 Bd3 26.Rfh1 Bxf2 27.Re5 Rac8 
28.Bd6 Rfd8 29.Be7 Rd7 30.Bf1 Rxe7 31.Bxd3 f6 
32.Rh5 Nxa2 33.g5 fxg5 34.hxg5 Rc3 35.gxh6 gxh6 
36.Kg2 Bd4 37.Bb1 Rg7+ 38.Kf1 Rc1+ 39.Ke2 Rxh1 
40.Rxh1 {(offering draw)}  0-1

[Event "HCL-C4118"]
[Site "www.playchess.de"]
[Date "2006.02.18"]
[Round "6"]
[White "n4337m"]
[Black "WPrimo"]
[WhiteElo "1464"]
[BlackElo "1297"]
[PlyCount "67"]
[Result "1-0"]

1.e4 {good luck}  e5 {good luck
}  2.Nf3 Nc6 3.Bb5 a6 4.Ba4 Nf6 5.O-O Be7 6.Re1 b5 
7.Bb3 O-O 8.c3 Bb7 9.d4 exd4 10.cxd4 Bb4 11.Nc3 d5 
12.exd5 Nxd5 13.Bxd5 Bxc3 14.Bxc6 Bxe1 15.Bxb7 Ra7 
16.Bg5 f6 17.Qb3+ Kh8 18.Bd5 Bxf2+ 19.Kxf2 fxg5 
20.Kg1 c6 21.Bxc6 g4 22.Rd1 gxf3 23.Bxf3 Qb6 
24.Qb4 Rd8 25.Kh1 a5 26.Qd2 Rad7 27.d5 R7d6 28.b4 
Ra8 29.bxa5 Rxa5 30.Re1 Ra8 31.Qb2 Qb7 32.Re6 Rad8 
33.Qe5 Qc7 34.Re8+ 1-0

[Event "HCL-A2605"]
[Site "www.playchess.de"]
[Date "2006.02.18"]
[Round "5"]
[White "mrchess"]
[Black "Crusaders"]
[WhiteElo "1438"]
[BlackElo "1554"]
[PlyCount "62"]
[Result "1/2-1/2"]

1.e4 {good luck}  g6 2.d4 Bg7 3.Nf3 d6 4.c4 e6 
5.Be3 Ne7 6.Bd3 Nd7 7.Nc3 b6 8.Qc2 Bb7 9.O-O O-O 
10.Rad1 a6 11.Rfe1 Rc8 12.b4 c5 13.bxc5 bxc5 
14.Na4 cxd4 15.Nxd4 Nc5 16.Nxc5 dxc5 17.Nb3 Qb6 
18.Be2 a5 19.Rd7 Rfe8 20.Red1 Ba8 21.R1d6 Qb4 
22.Bd2 Qb8 23.Nxa5 Be5 24.Ra6 Bxh2+ 25.Kf1 Rc7 
26.Rxc7 Bxc7 27.f3 Bb7 28.Nxb7 Qxb7 29.Qa4 Rd8 
30.Bc3 Qb1+ 31.Kf2 Qh1 {(offering draw)} 
 1/2-1/2

[Event "HCL-C4063"]
[Site "www.playchess.de"]
[Date "2006.02.18"]
[Round "20"]
[White "KristeK"]
[Black "Farquhart"]
[WhiteElo "800"]
[BlackElo "583"]
[PlyCount "29"]
[Result "1-0"]

1.e4 e5 2.Nf3 Nf6 3.d4 Nxe4 4.Qe2 Nd6 5.Qxe5+ Be7 
6.Qxg7 Rf8 7.Qxh7 Nc6 8.Bd3 f5 9.Bf4 Rf7 10.Qh5 
Bf6 11.Bxd6 cxd6 12.Bc4 Qe7+ 13.Kd1 Nxd4 14.Bxf7+ 
Qxf7 15.Re1+ 1-0

[Event "HCL-B3835"]
[Site "www.playchess.de"]
[Date "2006.02.18"]
[Round "7"]
[White "RUDI"]
[Black "christianxxl"]
[WhiteElo "1259"]
[BlackElo "1442"]
[PlyCount "52"]
[Result "0-1"]

1.e4 e6 2.d4 {Hallo Christian}  d5 3.exd5 exd5 
4.Bd3 Nf6 5.Nc3 Bb4 6.Bd2 O-O 7.Nce2 Bxd2+ 8.Qxd2 
Bg4 9.f3 Be6 10.O-O-O a5 11.Nf4 a4 12.b3 axb3 
13.cxb3 Nbd7 14.Ngh3 c5 15.Bb5 Qb6 16.Bxd7 Bxd7 
17.Kb2 Ra6 18.Ne2 Rfa8 19.Rda1 c4 20.Qc3 Ba4 
21.Rhc1 h6 22.Nf2 cxb3 23.a3 Qd6 24.Qd3 Bc6 25.Ng3 
R6xa3 26.Rxa3 Qxa3+ 0-1

[Event "HCL-B3767"]
[Site "www.playchess.de"]
[Date "2006.02.18"]
[Round "2"]
[White "joleti"]
[Black "spongebobby"]
[WhiteElo "1715"]
[BlackElo "1304"]
[PlyCount "65"]
[Result "1-0"]

1.e4 e5 {hello from wuerzburg, germany. have a 
nice game.}  2.Nf3 {hello from the philippines. 
same to you}  Nc6 3.Bb5 d6 4.d4 Bd7 5.O-O Nf6 
6.Qe2 Nxd4 7.Nxd4 exd4 8.e5 Bxb5 9.Qxb5+ c6 
10.Qxb7 dxe5 11.Qxc6+ Nd7 12.Re1 f6 13.f4 Rc8 
14.Qa4 Qb6 15.fxe5 fxe5 16.Nd2 Rxc2 17.Rxe5+ Be7 
18.Nc4 Rxc4 19.Rxe7+ Kxe7 20.Bg5+ Nf6 21.Qxc4 d3+ 
22.Kh1 Qxb2 23.Re1+ Kd8 24.Qxd3+ Kc8 25.Rc1+ Kb7 
26.Rb1 Qxb1+ 27.Qxb1+ Ka8 28.Bxf6 gxf6 29.Qe4+ Kb8 
30.Qf4+ Kb7 31.Qxf6 Rc8 32.Qf3+ Kb8 
33.h3 1-0

[Event "HCL-E1508"]
[Site "www.playchess.de"]
[Date "2006.02.18"]
[Round "18"]
[White "PLAYCHESS1963"]
[Black "ggaarrii"]
[WhiteElo "1775"]
[BlackElo "1730"]
[PlyCount "88"]
[Result "0-1"]

1.e4 c5 2.Nf3 d6 3.d4 cxd4 4.Nxd4 Nf6 5.Nc3 Nc6 
6.Be2 e6 7.Be3 a6 8.f4 Qc7 9.O-O Be7 10.Bf3 O-O 
11.Nb3 Re8 12.g4 d5 13.e5 Nd7 14.g5 Nb6 15.Bg2 Nc4 
16.Bc1 b5 17.Qh5 g6 18.Qh6 Bb7 19.Rf3 Bf8 20.Qh4 
h5 21.gxh6 Kh7 22.f5 exf5 23.Nxd5 Qd8 24.Nf6+ Kh8 
25.Bg5 Be7 26.Rd3 Qb6+ 27.Kh1 N6xe5 28.Nxe8 Bxg2+ 
29.Kxg2 Nxd3 30.Bxe7 Ne3+ 31.Kh3 Nxc2 32.Qg3 Nf2+ 
33.Kg2 Ng4 34.Qc3+ f6 35.Bxf6+ Kh7 36.Bh4 Qb7+ 
37.Kg1 Nxa1 38.Nc7 Qb6+ 39.Kh1 Rg8 40.Nxa1 Qd6 
41.Qg3 Qc6+ 42.Kg1 g5 43.Qd3 gxh4 44.Qxf5+ 
Kh8 0-1

[Event "HCL-C4036"]
[Site "www.playchess.de"]
[Date "2006.02.18"]
[Round "6"]
[White "mudelta"]
[Black "FranzD"]
[WhiteElo "1125"]
[BlackElo "800"]
[PlyCount "45"]
[Result "1-0"]

1.e4 {hi gl}  d5 2.f3 Nf6 3.e5 Nh5 4.d4 f6 5.f4 g5 
6.Qxh5+ Kd7 {Hello}  7.Nc3 gxf4 8.Bxf4 Nc6 9.O-O-O 
Nb4 10.Qf5+ Kc6 11.e6 Rg8 12.a3 Na6 13.Bb5+ Kb6 
{Hello,you
}  14.Bxa6 bxa6 15.Nxd5+ Ka5 16.Nxc7+ Kb6 17.Nd5+ 
Kb7 18.Qe4 Bxe6 19.Nb4+ Bd5 20.Nxd5 Rg4 21.Nxf6+ 
Kb6 22.Nxg4 h5 23.Ne3 1-0

[Event "HCL-C4098"]
[Site "www.playchess.de"]
[Date "2006.02.18"]
[Round "3"]
[White "newplayer"]
[Black "aidogael"]
[WhiteElo "1055"]
[BlackElo "1126"]
[PlyCount "109"]
[Result "1-0"]

1.e4 e5 2.d4 exd4 3.Qxd4 Nc6 4.Qd1 Bc5 5.Qd5 d6 
6.Bb5 Nge7 7.Bxc6+ bxc6 8.Qg5 O-O 9.h4 h6 10.Qg3 
Kh7 11.Be3 Bxe3 12.Qxe3 Re8 13.f3 d5 14.e5 Nf5 
15.Qf4 Qe7 16.g3 Qxe5+ 17.Qxe5 Rxe5+ 18.Kf2 Ba6 
19.Nc3 d4 20.Ne4 d3 21.cxd3 Bxd3 22.Re1 Bxe4 
23.fxe4 Nd6 24.Nf3 Rxe4 25.h5 Rxe1 26.Rxe1 Re8 
27.Rc1 Ne4+ 28.Kg2 c5 29.b4 Rb8 30.Rc4 Rxb4 31.Rc2 
c4 32.Ne5 Rb5 33.Nxf7 Rxh5 34.Rxc4 Nd6 35.Rxc7 Ra5 
36.Nxd6 Rxa2+ 37.Kh3 a5 38.Nf5 a4 39.Nxg7 Ra1 
40.Nf5+ Kg6 41.Nd4 a3 42.Rc6+ Kg5 43.Nf3+ Kf5 
44.Nd4+ Kg5 45.Ra6 a2 46.Nc2 Rg1 47.Rxa2 Rxg3+ 
48.Kxg3 Kf5 49.Ne3+ Ke4 {(offering draw)}  50.Ng4 
Kd4 51.Nxh6 Kd5 52.Ra4 Ke5 53.Kg4 Kd5 {(offering 
draw)}  54.Kf5 {you will lose sorry}  Kc5 
55.Ke6 1-0